<?xml version="1.0" encoding="UTF-8"?>
<record
    xmlns:xsi="http://www.w3.org/2001/XMLSchema-instance"
    xsi:schemaLocation="http://www.loc.gov/MARC21/slim http://www.loc.gov/standards/marcxml/schema/MARC21slim.xsd"
    xmlns="http://www.loc.gov/MARC21/slim">

  <leader>00855ajd a2200217   4500</leader>
  <controlfield tag="005">20220909084624.0</controlfield>
  <controlfield tag="008">150610b        xxu||||| |||| 00| 0 spa d</controlfield>
  <datafield tag="041" ind1=" " ind2=" ">
    <subfield code="a">Espa&#xF1;ol</subfield>
  </datafield>
  <datafield tag="082" ind1=" " ind2=" ">
    <subfield code="a">609 DC</subfield>
  </datafield>
  <datafield tag="100" ind1=" " ind2=" ">
    <subfield code="a">Castillo, Luis</subfield>
    <subfield code="9">43022</subfield>
  </datafield>
  <datafield tag="245" ind1=" " ind2=" ">
    <subfield code="a">La M&#xFA;sica m&#xE1;s linda de Costa Rica: vol. 7</subfield>
  </datafield>
  <datafield tag="260" ind1=" " ind2=" ">
    <subfield code="a">Costa Rica</subfield>
  </datafield>
  <datafield tag="260" ind1=" " ind2=" ">
    <subfield code="a">Producciones Musicales </subfield>
  </datafield>
  <datafield tag="300" ind1=" " ind2=" ">
    <subfield code="a">1 CD-ROM</subfield>
  </datafield>
  <datafield tag="505" ind1=" " ind2=" ">
    <subfield code="a">1. Presentaci&#xF3;n 2. Reflexi&#xF3;n 3. Paseo de las damas 4. Fiestas en San Jos&#xE9; 5. Paseo de la vaca 6. Auroral 7. Pasi&#xF3;n 8. Pampa 9. Patri&#xF3;tica Costarricense 10. Serenata en la Pampa 11. He guardado 12. Cuesta de mora 13. Guacalito 14. Paseo de las damas para viol&#xED;n 15. Los bailes del Am&#xF3;n</subfield>
  </datafield>
  <datafield tag="650" ind1=" " ind2=" ">
    <subfield code="a">COSTA RICA</subfield>
    <subfield code="9">64508</subfield>
  </datafield>
  <datafield tag="650" ind1=" " ind2=" ">
    <subfield code="a">M&#xDA;SICA COSTARRICENSE  </subfield>
    <subfield code="9">64509</subfield>
  </datafield>
  <datafield tag="650" ind1=" " ind2=" ">
    <subfield code="a">FOLKLORE</subfield>
    <subfield code="9">55372</subfield>
  </datafield>
  <datafield tag="650" ind1=" " ind2=" ">
    <subfield code="a">M&#xDA;SICA T&#xCD;PICA</subfield>
    <subfield code="9">40396</subfield>
  </datafield>
  <datafield tag="942" ind1=" " ind2=" ">
    <subfield code="c">DVD</subfield>
  </datafield>
  <datafield tag="999" ind1=" " ind2=" ">
    <subfield code="c">12245</subfield>
    <subfield code="d">12245</subfield>
  </datafield>
  <datafield tag="952" ind1=" " ind2=" ">
    <subfield code="0">0</subfield>
    <subfield code="1">0</subfield>
    <subfield code="4">0</subfield>
    <subfield code="7">0</subfield>
    <subfield code="a">BACB</subfield>
    <subfield code="b">BACB</subfield>
    <subfield code="d">2019-08-14</subfield>
    <subfield code="l">0</subfield>
    <subfield code="o">609 DC</subfield>
    <subfield code="p">609DC</subfield>
    <subfield code="r">2019-08-14 00:00:00</subfield>
    <subfield code="w">2019-08-14</subfield>
    <subfield code="y">CD</subfield>
  </datafield>
</record>
